000
00352nam a2200157Ia 4500
003
0STCL
008
150530s9999 xx 000 0 und d
040
_a
STCL
_c
STCL
100
_a
Ortonon
245
_a
Memory efficiency and how to obtain it
260
_c
1936
546
_a
English
942
_2
ddc
_c
BK
999
_c
61099
_d
61099
005
20220125171146.0